<?xml version="1.0" encoding="UTF-8"?>
<marc:record xmlns:marc="http://www.loc.gov/MARC21/slim">
   <marc:leader>00000nam a2200000 a 4500</marc:leader>
   <marc:datafield ind1="1" ind2=" " tag="100">
      <marc:subfield code="a">KARALLUS, Thomas</marc:subfield>
   </marc:datafield>
   <marc:datafield ind1="1" ind2=" " tag="100">
      <marc:subfield code="a">NAHRGANG, Frauke</marc:subfield>
   </marc:datafield>
   <marc:datafield ind1=" " ind2=" " tag="653">
      <marc:subfield code="a">Fußballverein</marc:subfield>
   </marc:datafield>
   <marc:datafield ind1=" " ind2=" " tag="653">
      <marc:subfield code="a">Kinder CD</marc:subfield>
   </marc:datafield>
   <marc:datafield ind1=" " ind2=" " tag="653">
      <marc:subfield code="a">CD</marc:subfield>
   </marc:datafield>
   <marc:datafield ind1="0" ind2="0" tag="245">
      <marc:subfield code="a">Gras fressen!</marc:subfield>
   </marc:datafield>
   <marc:datafield ind1="0" ind2="0" tag="245">
      <marc:subfield code="c">nach einer Buchvorlage von Frauke Nahrgang ; Manuskript: Ully Arndt Studios ; Dialog-Regie: Thomas Karallus ; Sprecher und Mitwirkende: Erzähler Thomas Karallus [und 17 andere]</marc:subfield>
   </marc:datafield>
   <marc:datafield ind1=" " ind2="1" tag="264">
      <marc:subfield code="a">Gütersloh</marc:subfield>
      <marc:subfield code="b">Sony Music Entertainment</marc:subfield>
      <marc:subfield code="c">2020</marc:subfield>
   </marc:datafield>
   <marc:datafield ind1="1" ind2=" " tag="520">
      <marc:subfield code="a">Im neuen Teufelskicker-Abenteuer dreht sich alles um sattes Grün: Während Norbert sein Team ermahnt, gesundes Obst statt Süßigkeiten zu essen, trifft Präsident Hinze die Entscheidung, im Stadion des SV Blau-Gelb Kunstrasen verlegen zu lassen. Schorschi sieht dadurch seinen Job als "Greenkeeper" in Gefahr und macht beleidigt den Abgang. Also treten Moritz und Co. in Streik, um für den Erhalt ihres Natur-Grüns zu demonstrieren. Schorschi bleibt derweil spurlos verschwunden. Und als die Teufelskicker ihn endlich wiederfinden, staunen sie, an welch seltsamen Ort es ihren ehemaligen Platzwart verschlagen hat...</marc:subfield>
   </marc:datafield>
   <marc:datafield ind1="3" ind2=" " tag="024">
      <marc:subfield code="a">0190759859827</marc:subfield>
   </marc:datafield>
   <marc:datafield ind1=" " ind2=" " tag="041">
      <marc:subfield code="a">ger</marc:subfield>
   </marc:datafield>
   <marc:datafield ind1="0" ind2=" " tag="490">
      <marc:subfield code="v">81</marc:subfield>
   </marc:datafield>
   <marc:datafield ind1=" " ind2=" " tag="300">
      <marc:subfield code="a">1 CD</marc:subfield>
   </marc:datafield>
</marc:record>
